Ross sea ecology: italiantartide expeditions, 1987-1995
Guardat en:
| Autor principal: | |
|---|---|
| Format: | Llibre |
| Idioma: | anglès |
| Publicat: |
Dordrecht
Springer
2000
|
| Matèries: | |
| Etiquetes: |
Afegir etiqueta
Sense etiquetes, Sigues el primer a etiquetar aquest registre!
|
MARC
| LEADER | 00000nam a2200000 a 4500 | ||
|---|---|---|---|
| 001 | UCN0817 | ||
| 003 | CL-VaPUC | ||
| 008 | 010330e20000000ne |||||||||||||||||eng|d | ||
| 082 | 0 | 4 | |a 577.7 |b FAR |2 21 |
| 100 | 0 | |a Faranda, Francesco M |e author |9 456059 | |
| 245 | 1 | 0 | |a Ross sea ecology: italiantartide expeditions, 1987-1995 |
| 300 | |a 604 p | ||
| 942 | |c BK | ||
| 945 | |d 20010330 00:00:00 |a vberengu | ||
| 260 | |a Dordrecht |b Springer |c 2000 | ||
| 650 | 0 | |a Ecología marina |9 259946 | |
| 650 | 0 | |a Ecosistemas marinos |9 343701 | |
| 650 | 0 | |a Vida marina |9 358177 | |
| 583 | |a last modification |c 20171213 06:03:22 |k Rodrigo Vera | ||
| 999 | |c 294441 |d 294439 | ||
| 952 | |0 0 |1 0 |2 ddc |4 0 |6 577_700000000000000_FAR_2000 |7 0 |8 CCM |9 346868 |a BIBCUR |b BIBCUR |c PAC |d 2019-11-20 |i 3708667 |o 577.7 FAR 2000 |p 3708667 |r 2025-04-22 |w 2019-11-20 |y BK |k RNT | ||